Statistics for McLaren Cars by Picture

Click here to take the quiz!

General Stats

  • This quiz has been taken 216 times
  • The average score is 8 of 12

Answer Stats

Answer% Correct
Senna
95%
P1
93%
F1
92%
720S
80%
Speedtail
65%
570S
61%
GT
56%
12C
54%
Elva
54%
765LT
52%
650S
50%
Artura
42%

Score Distribution

Percentile by Number Answered

Percent of People with Each Score

Your Score History

You have not taken this quiz